[Event "8th ch-Euro w"]
[Site "Dresden GER"]
[Date "2007.04.06"]
[Round "4"]
[White "Muhren,B"]
[Black "Korbut,E"]
[Result "0-1"]
[WhiteElo "2290"]
[BlackElo "2452"]

1.e4 c5 2.c3 Nf6 3.e5 Nd5 4.Nf3 Nc6 5.Bc4 Nb6 6.Bb3 c4 7.Bc2 d5 8.exd6 e5
9.d4 cxd3 10.Qxd3 Qxd6 11.Qe2 Be6 12.Na3 f6 13.O-O a6 14.Rd1 Qc7 15.Bb3 Bxb3
16.axb3 Bxa3 17.bxa3 O-O 18.Be3 Rfd8 19.Bxb6 Qxb6 20.Qc4+ Kf8 21.b4 Rxd1+
22.Rxd1 Rd8 23.Rd5 Ne7 24.Rxd8+ Qxd8 25.Qe2 Qd6 26.Qd2 Nf5 27.Qxd6+ Nxd6
28.Nd2 b5 29.Kf1 Ke7 30.Ke2 Ke6 31.Kd3 Kd5 32.g4 g6 33.f3 f5 34.gxf5 gxf5
35.Nf1 Nc4 36.Ng3 Ke6 37.Nf1 Nxa3 38.Ne3 f4 39.Ng4 Nc4 40.Nf2 Nd6 41.Nh3 Kf6
42.Nf2 Kf5 43.Nd1 e4+ 44.fxe4+ Nxe4 45.Kd4 h5 46.Nb2 Ng5 47.c4 Nf3+ 48.Kc5 bxc4
49.Nxc4 Ne5 50.Nd2 f3 51.Kb6 f2 52.Kxa6 Kf4 53.b5 h4 54.h3 Ke3 55.Nf1+ Ke2
56.Nh2 Nf3 57.b6 Nxh2 58.b7 f1=Q  0-1

[Event "8th ch-Euro"]
[Site "Dresden GER"]
[Date "2007.04.06"]
[Round "4"]
[White "Fernandes,An"]
[Black "Stefansson,H"]
[Result "1/2-1/2"]
[WhiteElo "2452"]
[BlackElo "2576"]

1.e4 c5 2.c3 Nf6 3.e5 Nd5 4.d4 cxd4 5.Nf3 d6 6.cxd4 e6 7.Nc3 Nxc3 8.bxc3 Qc7
9.Bd2 Nd7 10.Qa4 Be7 11.exd6 Bxd6 12.Qc4 Qb8 13.Bd3 b6 14.d5 Ne5 15.Qd4 Nxd3+
16.Qxd3 exd5 17.Qb5+ Bd7 18.Qxd5 O-O 19.O-O Bg4 20.Kh1 h6 21.Nd4 Rc8 22.h3 Rc5
23.Qe4 Bd7 24.Rab1 Qf8 25.Nb3 Rc7 26.Rfe1 Re8 27.Qd4 Rxe1+ 28.Bxe1 Be7 29.Qe5 Qd8
30.f3 Bf6 31.Qd6 Qc8  1/2-1/2

[Event "8th ch-Euro w"]
[Site "Dresden GER"]
[Date "2007.04.07"]
[Round "5"]
[White "Burtasova,A"]
[Black "Vajda,S"]
[Result "1/2-1/2"]
[WhiteElo "2314"]
[BlackElo "2407"]

1.e4 c5 2.c3 Nf6 3.e5 Nd5 4.d4 cxd4 5.Nf3 Nc6 6.cxd4 d6 7.Bc4 Nb6 8.Bb5 dxe5
9.Nxe5 Bd7 10.Nxd7 Qxd7 11.O-O e6 12.Qg4 h5 13.Qf3 a6 14.Bxc6 Qxc6 15.Qh3 Be7
16.Bf4 Nd5 17.Be3 Rc8 18.Nc3 Nxc3 19.bxc3 Qd5 20.Rac1 Ba3 21.c4 Rxc4 22.Rxc4 Qxc4
23.Qg3 O-O 24.Bg5 f6 25.Bh6 Rf7 26.Qxa3 gxh6 27.Qe3 Kh7 28.Rc1 Qxa2 29.h4 Rg7
30.Rc5 b6 31.Qd3+ f5 32.Re5 Rg4 33.Qd1 Qc4 34.d5 exd5 35.Rxd5 Qe4 36.Rd7+ Rg7
37.Rxg7+ Kxg7 38.Qd7+ Kf6 39.Qd8+ Qe7 40.Qxb6+ Qe6 41.Qd8+ Kg6 42.g3 Qe1+
43.Kg2 Qe4+ 44.Kg1 Qe1+ 45.Kg2 Qe4+ 46.Kg1  1/2-1/2

[Event "8th ch-Euro"]
[Site "Dresden GER"]
[Date "2007.04.07"]
[Round "5"]
[White "Manca,F"]
[Black "Logothetis,S"]
[Result "1/2-1/2"]
[WhiteElo "2417"]
[BlackElo "2221"]

1.e4 c5 2.c3 Nf6 3.e5 Nd5 4.d4 cxd4 5.Nf3 e6 6.cxd4 d6 7.Bc4 Nb6 8.Bd3 Nc6
9.exd6 Bxd6 10.Nc3 h6 11.O-O O-O 12.Re1 Nd5 13.a3 Bd7 14.Bc2 Nce7 15.Qd3 f5
16.Ne5 Bxe5 17.Rxe5 Rf6 18.Bb3 Bc6 19.Bd2 Ng6 20.Nxd5 Bxd5 21.Re2 Rc8 22.Rc1 Rxc1+  1/2-1/2

[Event "8th ch-Euro"]
[Site "Dresden GER"]
[Date "2007.04.07"]
[Round "5"]
[White "Durarbeyli,V"]
[Black "Jankovic,A"]
[Result "1/2-1/2"]
[WhiteElo "2312"]
[BlackElo "2541"]

1.e4 c5 2.c3 Nf6 3.e5 Nd5 4.d4 cxd4 5.Nf3 e6 6.cxd4 d6 7.Bc4 Be7 8.O-O O-O
9.Nc3 Nxc3 10.bxc3 Nd7 11.Bf4 dxe5 12.Nxe5 Nxe5 13.Bxe5  1/2-1/2

[Event "8th ch-Euro"]
[Site "Dresden GER"]
[Date "2007.04.07"]
[Round "5"]
[White "Mayer,Frank2"]
[Black "Borriss,M"]
[Result "0-1"]
[WhiteElo "2083"]
[BlackElo "2463"]

1.e4 c5 2.c3 Nf6 3.e5 Nd5 4.d4 cxd4 5.Nf3 e6 6.cxd4 b6 7.Nc3 Nxc3 8.bxc3 Qc7
9.Bd2 d6 10.Bd3 Nd7 11.O-O dxe5 12.Re1 Bb7 13.Nxe5 Nxe5 14.Rxe5 Bd6 15.Rh5 g6
16.Rh3 Qc6 17.Qf1 O-O 18.Re1 Rfc8 19.Be4 Qd7 20.Qd3 b5 21.Qe3 Bf8 22.Qf4 Bxe4
23.Qxe4 Rc6 24.Qh4 f5 25.Rhe3 Re8 26.Qf4 Bg7 27.Qf3 Ra6 28.Ra1 e5 29.Qe2 e4
30.Qf1 Ra4 31.Qb1 Qd5 32.Re1 Rc8 33.Qb3 Qxb3 34.axb3 Rxa1 35.Rxa1 b4 36.c4 Bxd4
37.Ra4 Bc3 38.Be3 Rd8 39.g3 Rd1+ 40.Kg2 Rb1 41.c5 Rxb3 42.c6 Be5 43.Bxa7 Ra3
44.Rxa3 bxa3 45.Bd4 Bc7 46.f4 a2  0-1

[Event "8th ch-Euro w"]
[Site "Dresden GER"]
[Date "2007.04.07"]
[Round "5"]
[White "Von Herman,B"]
[Black "Sudakova,I"]
[Result "0-1"]
[WhiteElo "2070"]
[BlackElo "2381"]

1.e4 c5 2.c3 Nf6 3.e5 Nd5 4.d4 cxd4 5.Nf3 Nc6 6.Bc4 e6 7.cxd4 d6 8.O-O Be7
9.a3 O-O 10.Qe2 Bd7 11.Qe4 Rc8 12.exd6 Bxd6 13.Nc3 Nxc3 14.bxc3 Ne7 15.Bd3 Ng6
16.Bd2 b5 17.Qg4 f5 18.Qg5 Qxg5 19.Nxg5 Bf4 20.Rfd1 Bxd2 21.Rxd2 Rxc3 22.h3 Nf4
23.Bf1 Rfc8 24.g3 Nd5 25.Re2 Rc1 26.Rxc1 Rxc1 27.Nxe6 b4 28.Ng5 Bb5 29.Re5 Rxf1+
30.Kg2 bxa3  0-1

[Event "II Elo Fide Universidad San Marcos"]
[Site "Lima PER"]
[Date "2007.04.07"]
[Round "7"]
[White "Cornejo,M"]
[Black "Sanes,V"]
[Result "1-0"]
[WhiteElo "2297"]
[BlackElo "2213"]

1.e4 c5 2.c3 Nf6 3.e5 Nd5 4.d4 cxd4 5.cxd4 e6 6.Nc3 Nxc3 7.bxc3 b6 8.f4 Bb7
9.Nf3 g6 10.Bd3 Be7 11.O-O Nc6 12.Qe2 d5 13.exd6 Qxd6 14.Ne5 f6 15.Nxc6 Bxc6
16.Re1 Bd7 17.a4 Rc8 18.Ba3 Qxf4 19.Bb5 Qf5 20.Qxe6  1-0

[Event "30th Open"]
[Site "San Sebastian ESP"]
[Date "2007.04.07"]
[Round "8"]
[White "Tung,S"]
[Black "Narayanan,Sr"]
[Result "0-1"]
[WhiteElo "1997"]
[BlackElo "2280"]

1.e4 c5 2.c3 Nf6 3.e5 Nd5 4.d4 cxd4 5.Nf3 e6 6.cxd4 d6 7.Bb5+ Bd7 8.Qb3 Qa5+
9.Nc3 Nxc3 10.Bxd7+ Nxd7 11.Bd2 Qa6 12.Bxc3 dxe5 13.Nxe5 Nxe5 14.dxe5 Bc5
15.Qc2 Rc8 16.Qe2 Qxe2+ 17.Kxe2 Ke7 18.Rhd1 Rhd8 19.Rac1 b5 20.Ba5 Rxd1 21.Rxd1 a6
22.a3 h5 23.h3 Ke8 24.Rd3 Be7 25.Bc3 Rc4 26.Kf3 Rc7 27.Ke4 Rd7 28.Rxd7 Kxd7
29.g4 hxg4 30.hxg4 g5 31.f3 Kc6 32.Ba5 Kd7 33.Bd2 Bd8 34.b3 Be7 35.a4 bxa4
36.bxa4 Kc6 37.Be3 Bd8 38.Bd4 Bb6 39.Bc3 Bd8 40.Bd4 Bb6 41.Bc3 Bc5 42.Bd2 Be7
43.Be3 Bd8 44.Bd4 Bb6 45.Bc3 Bc7 46.Bd4 Bd8 47.Be3 Be7 48.Bd4 Bc5 49.Bc3 Kb6
50.Bd2 Be7 51.Kd4 Kc6 52.Bc3 Bc5+ 53.Kc4 Be3 54.Bb4 Bc1 55.Bc3 Be3 56.Bb4 Bf4
57.Bc3 Bc1 58.Bd4 Bd2 59.Bc5 Bf4 60.Bd4 Bd2 61.Bc5 Bc3 62.Bd6 Bb2 63.Be7 Bc1
64.Bc5 Bb2 65.Bd6 f6 66.f4 gxf4  0-1

[Event "8th ch-Euro"]
[Site "Dresden GER"]
[Date "2007.04.08"]
[Round "6"]
[White "Kleinert,J"]
[Black "Ringoir,T"]
[Result "0-1"]
[WhiteElo "2060"]
[BlackElo "2200"]

1.e4 c5 2.c3 Nf6 3.e5 Nd5 4.d4 cxd4 5.Nf3 e6 6.cxd4 d6 7.Bc4 Nc6 8.O-O Be7
9.Qe2 O-O 10.Rd1 Qc7 11.Na3 a6 12.Nc2 Ncb4  0-1

[Event "8th ch-Euro"]
[Site "Dresden GER"]
[Date "2007.04.08"]
[Round "6"]
[White "Wilke,W"]
[Black "Anastasian,A"]
[Result "0-1"]
[WhiteElo "2245"]
[BlackElo "2587"]

1.e4 c5 2.c3 Nf6 3.e5 Nd5 4.d4 cxd4 5.Nf3 e6 6.cxd4 b6 7.Nbd2 Be7 8.Bc4 Bb7
9.O-O O-O 10.Ne4 d6 11.Qe2 dxe5 12.dxe5 Nd7 13.Bg5 Bxg5 14.Nexg5 h6 15.Ne4 Nf4
16.Qe3 Ng6 17.Rfd1 Qe7 18.Bb5 Ndxe5 19.Nxe5 Nxe5 20.Nd6 Ng4 21.Qe2 Nf6 22.Nxb7 Qxb7
23.Rac1 Rad8 24.h3 Qe7 25.b3 Rxd1+ 26.Rxd1 Rd8 27.Bd3 Kf8 28.Bc4 a5 29.a4 Qc7
30.Rxd8+ Qxd8 31.Qf3 g6 32.g3 Qd4 33.Kg2 Kg7 34.g4 Nd5 35.h4 Nf4+ 36.Kg3 g5
37.hxg5 hxg5 38.Qe3 Qxe3+ 39.fxe3 Ng6 40.Be2 Kf6 41.Kf3 Ke5 42.Bd3 Ne7 43.Bc4 Nd5
44.Bf1 Nc3 45.Bd3 Kd5 46.Bh7 Na2 47.Bc2 Nb4 48.Bh7 Nc6 49.Bg8 Ne5+ 50.Ke2 f6  0-1

[Event "8th ch-Euro"]
[Site "Dresden GER"]
[Date "2007.04.09"]
[Round "7"]
[White "Zesch,L"]
[Black "Jankovic,A"]
[Result "0-1"]
[WhiteElo "2287"]
[BlackElo "2541"]

1.e4 c5 2.c3 Nf6 3.e5 Nd5 4.d4 cxd4 5.Nf3 Nc6 6.cxd4 d6 7.Bc4 e6 8.O-O Be7
9.Qe2 O-O 10.Nc3 Nxc3 11.bxc3 dxe5 12.dxe5 Qa5 13.Qe4 Qa4 14.Bg5 h6 15.Bxe7 Nxe7
16.Rab1 Qc6 17.Qxc6 Nxc6 18.Rfd1 b6 19.Bb5 Bb7 20.Rd7 Na5 21.Nd4 Rfd8 22.Rxd8+ Rxd8
23.g3 Rc8 24.Rc1 Bd5 25.Rc2 Nc4 26.Bxc4 Rxc4 27.Nb3 Re4 28.f4 g5 29.Rf2 gxf4
30.gxf4 Rc4 31.f5 Rxc3 32.fxe6 fxe6 33.Rf6 Re3 34.Rxh6 Rxe5 35.Kf2 Re4 36.Kg3 Ra4
37.Rh4 Rxh4 38.Kxh4 Bxb3 39.axb3 a5  0-1

[Event "8th ch-Euro"]
[Site "Dresden GER"]
[Date "2007.04.09"]
[Round "7"]
[White "Karpatchev,A"]
[Black "Kaphle,Se"]
[Result "1-0"]
[WhiteElo "2477"]
[BlackElo "2010"]

1.e4 c5 2.c3 Nf6 3.e5 Nd5 4.Nf3 e6 5.d4 cxd4 6.cxd4 d6 7.Bc4 Nb6 8.Bd3 dxe5
9.dxe5 Bd7 10.O-O Bc6 11.Nc3 Be7 12.Qe2 N8d7 13.Rd1 O-O 14.Nd4 Nd5 15.Nxd5 Bxd5
16.Bf4 Qb6 17.Bb5 Rfd8 18.Nf5 Bf8 19.Bg5 f6 20.exf6 Nxf6 21.Nh6+ Kh8 22.Nf7+ Kg8
23.Nxd8 Rxd8 24.Bc4 Rc8 25.Rac1 Ne4 26.Bxd5  1-0

[Event "8th ch-Euro"]
[Site "Dresden GER"]
[Date "2007.04.09"]
[Round "7"]
[White "Perlitz,S"]
[Black "Wilke,W"]
[Result "0-1"]
[WhiteElo "2141"]
[BlackElo "2253"]

1.e4 c5 2.c3 Nf6 3.e5 Nd5 4.d4 cxd4 5.cxd4 e6 6.Nf3 d6 7.a3 b6 8.Bb5+ Bd7
9.Qe2 Bxb5 10.Qxb5+ Qd7 11.Qe2 Nc6 12.O-O Be7 13.Rd1 O-O 14.Nbd2 dxe5 15.dxe5 Nf4
16.Qf1 Rfd8 17.b4 Qd3 18.Bb2 g5 19.b5 Na5 20.Ne1 Ne2+ 21.Kh1 Qxb5 22.a4 Qxb2
23.Qxe2 Rxd2 24.Qxd2 Qxd2 25.Rxd2 Nb3 26.Rad1 Nxd2 27.Rxd2 Bb4 28.Rd1 Bxe1
29.Rxe1 Rc8 30.h4 Rc4 31.hxg5 Rxa4 32.Kh2 a5 33.Kh3 Kg7 34.g4 Kg6 35.Kh4 b5
36.Rc1 Rc4 37.Rd1 Re4 38.Rd8 Kg7 39.f4 Rxf4 40.Rb8 Rb4 41.Kg3 a4 42.Kh4 a3
43.g6 hxg6  0-1

[Event "Elitzur Winter"]
[Site "Givataim ISR"]
[Date "2007.04.09"]
[Round "3"]
[White "Arlinsky,U"]
[Black "Nedobora,M"]
[Result "1-0"]
[WhiteElo "2295"]
[BlackElo "2442"]

1.e4 c5 2.c3 Nf6 3.e5 Nd5 4.Nf3 Nc6 5.Bc4 Nb6 6.Be2 d5 7.exd6 Qxd6 8.Na3 Be6
9.b3 g6 10.Nb5 Qd8 11.Ng5 Bf5 12.g4 Bc8 13.O-O Bg7 14.Ne4 Nd7 15.d4 cxd4
16.Bf4 O-O 17.Bc7 Qe8 18.Nxd4 Nf6 19.Nxf6+ Bxf6 20.Bg3 Bd7 21.Qd2 Rd8 22.Rad1 Nxd4
23.cxd4 Bb5 24.d5 Qd7 25.Rfe1 Bxe2 26.Qxe2 Bc3 27.Rf1 Rfe8 28.a4 Rc8 29.h3 Bf6
30.Qe3 b6 31.Rd3 Rc5 32.Rfd1 Rec8 33.Qe4 b5 34.axb5 Qxb5 35.h4 Re8 36.g5 Bb2
37.Re3  1-0

[Event "8th ch-Euro w"]
[Site "Dresden GER"]
[Date "2007.04.11"]
[Round "8"]
[White "Kochetkova,J"]
[Black "Cmilyte,V"]
[Result "0-1"]
[WhiteElo "2320"]
[BlackElo "2462"]

1.e4 c5 2.c3 Nf6 3.e5 Nd5 4.d4 cxd4 5.Nf3 Nc6 6.Bc4 Nb6 7.Bb3 d6 8.exd6 Qxd6
9.Na3 Be6 10.Nb5 Qd7 11.Bxe6 Qxe6+ 12.Be3 Qd7 13.Nbxd4 e6 14.Qe2 Be7 15.Rd1 O-O
16.O-O Nd5 17.Bc1 Nxd4 18.Nxd4 Bf6 19.Qg4 Rac8 20.Rd3 Rfd8 21.Rh3 g6 22.Bg5 Bxg5
23.Qxg5 f6 24.Qh4 e5 25.Ne2 Qf7 26.Rd3 Ne7 27.Qe4 Rxd3 28.Qxd3 Nc6 29.b3 Rd8
30.Qe3 Qd5 31.Ng3 Qd3 32.Qc1 Kg7 33.Re1 Qd2 34.Qa1 f5 35.c4 Qd4 36.Qc1 Qd2
37.Qa1 Qc2 38.Nf1 Qd3 39.Ne3 Rd4 40.Qc1 Qd2 41.Qa1 f4 42.Ng4 e4 43.Ne3 h5
44.b4 Kh7 45.Nd5  0-1

[Event "8th ch-Euro w"]
[Site "Dresden GER"]
[Date "2007.04.11"]
[Round "8"]
[White "Wilson,A"]
[Black "Seps,M"]
[Result "1/2-1/2"]
[WhiteElo "2034"]
[BlackElo "2265"]

1.e4 c5 2.c3 Nf6 3.e5 Nd5 4.d4 cxd4 5.Nf3 Nc6 6.cxd4 d6 7.Bc4 Nb6 8.Bb3 e6
9.O-O dxe5 10.dxe5 Qxd1 11.Rxd1 Bd7 12.Nc3 Na5 13.Bc2 Be7 14.Be4 O-O-O 15.b3 Kb8
16.Be3 Bc6 17.Ng5 Bxg5 18.Bxg5 Rd7 19.b4 Nac4 20.Bxc6 bxc6 21.Rxd7 Nxd7 22.f4 Ndb6
23.Ne4 h6 24.Be7 Nd5 25.Rc1 Nxe7 26.Rxc4 Rd8 27.Nd6 f6 28.a4 fxe5 29.fxe5 Ng6
30.Rxc6 Nxe5 31.Ra6 Nd3 32.Nb5 Rd7 33.Rxe6 Nxb4 34.Rd6 Rxd6 35.Nxd6 Nd5 36.Nf5 g6
37.Nxh6 Kc7 38.Nf7 Kb6 39.Ne5 Ne7 40.g4 Ka5 41.h4 Kxa4 42.h5 gxh5 43.gxh5 Ng8
44.Nc6  1/2-1/2

[Event "FSIMA April"]
[Site "Budapest HUN"]
[Date "2007.04.12"]
[Round "6"]
[White "Schneider,Ve"]
[Black "Rombaldoni,Ax"]
[Result "0-1"]
[WhiteElo "2238"]
[BlackElo "2221"]

1.e4 c5 2.c3 Nf6 3.e5 Nd5 4.Nf3 Nc6 5.d4 cxd4 6.cxd4 d6 7.Bc4 Nb6 8.Bb5 d5
9.Nh4 e6 10.Nf3 Be7 11.O-O a6 12.Bd3 Nb4 13.Be2 Bd7 14.Nc3 Rc8 15.a3 Nc6
16.Bd3 Nc4 17.Ne2 f5 18.Bxc4 dxc4 19.d5 exd5 20.Qxd5 Qa5 21.Nc3 Qxd5 22.Nxd5 Be6
23.Nxe7 Kxe7 24.Bg5+ Kf7 25.Rfd1 h6 26.Rd6 Na5 27.Nd4 Rhe8 28.Bd2 c3 29.Bxc3 Nc4
30.Rxe6 Rxe6 31.Nxe6 Kxe6 32.Rd1 g5 33.g3 g4 34.f4 gxf3 35.Kf2 Rc6 36.Kxf3 Nxa3
37.Rd8 Nb5 38.Re8+ Kd7 39.Rh8 Nxc3 40.bxc3 a5 41.Rxh6 Kc8 42.Rh8+ Kc7 43.Rh7+ Kb8
44.Rf7 a4  0-1

[Event "8th ch-Euro"]
[Site "Dresden GER"]
[Date "2007.04.12"]
[Round "9"]
[White "Paehtz,T jr"]
[Black "Saric,Iv"]
[Result "1/2-1/2"]
[WhiteElo "2318"]
[BlackElo "2463"]

1.e4 c5 2.c3 Nf6 3.e5 Nd5 4.Bc4 e6 5.d4 Nc6 6.Nf3 cxd4 7.cxd4 d6 8.O-O Be7
9.a3 O-O 10.Re1 dxe5 11.dxe5 Qb6 12.Bd3 Rd8 13.Ng5 Bxg5 14.Bxg5 Nde7 15.Qc2 h6
16.Be3 Qa5 17.Nc3 Nf5 18.Bxf5 exf5 19.b4 Qc7 20.Nb5 Qxe5 21.Bb6 Qxb5 22.Bxd8 Be6
23.Bc7 Rc8 24.Bd6 Nd4 25.Qd1 Nc2 26.Re5 Qd7 27.Rc1 Nxa3 28.Rxc8+ Qxc8 29.Re1 Nb5
30.Bc5 b6 31.Be3 Qc4 32.Qd2 Nc3 33.Bd4 Nd5 34.Ra1 Qxb4 35.Qxb4 Nxb4 36.Rxa7 b5
37.Rb7 Bc4 38.f4 Nd3 39.g3 Kh7 40.Bc3 g5 41.Be5  1/2-1/2

[Event "8th ch-Euro"]
[Site "Dresden GER"]
[Date "2007.04.12"]
[Round "9"]
[White "Wilke,W"]
[Black "Gnirk,T"]
[Result "1-0"]
[WhiteElo "2253"]
[BlackElo "2131"]

1.e4 c5 2.c3 Nf6 3.e5 Nd5 4.d4 cxd4 5.Nf3 e6 6.cxd4 d6 7.Bc4 Nb6 8.Bd3 Bd7
9.O-O Bc6 10.Nc3 N8d7 11.Ne4 dxe5 12.Nxe5 Nxe5 13.dxe5 Qd5 14.Bf4 Rd8 15.Bc2 Qc4
16.Qb1 Be7 17.b3 Qe2 18.Bg3 h5 19.Re1 Qa6 20.Nd6+ Kf8 21.Be4 Nd5 22.Bxd5 Bxd5
23.h3 h4 24.Bf4 g5 25.Bd2 Rh6 26.Qc1 Rg6 27.Nc8 Ba3 28.Qc7 Re8 29.b4 Qc6
30.Qxc6 bxc6 31.Nd6 Bb2 32.Nxe8 Bxa1 33.Rxa1 Kxe8 34.f3 Kd7 35.Rc1 Kc7 36.b5 Kb7
37.bxc6+ Bxc6 38.Be3 a6 39.Rb1+ Kc7 40.Rb4 Bb5 41.Rg4 Kc6 42.a4 Bd3 43.Rd4 Bf5
44.Rd6+ Kb7 45.Rb6+ Ka7 46.a5 Rg8 47.Rxe6+ Kb8 48.Rb6+ Kc7 49.Rxa6 Be6 50.Rd6 Rb8
51.Bb6+ Kb7 52.a6+ Ka8 53.Kh2 Bc4 54.Be3 Re8 55.Rc6 Bb5 56.Rc7 Ba4 57.a7 Bb3
58.Bxg5 Rxe5 59.Bxh4 Re2 60.Be7 Bd5 61.Bc5 Bb7 62.Rxf7 Rxg2+ 63.Kxg2 Bxf3+
64.Kf2  1-0

[Event "8th ch-Euro w"]
[Site "Dresden GER"]
[Date "2007.04.12"]
[Round "9"]
[White "Burtasova,A"]
[Black "Dembo,Y"]
[Result "0-1"]
[WhiteElo "2314"]
[BlackElo "2470"]

1.e4 c5 2.c3 Nf6 3.e5 Nd5 4.Bc4 Nb6 5.Bb3 c4 6.Bc2 Nc6 7.Nf3 Qc7 8.Qe2 g5
9.e6 dxe6 10.Nxg5 Qe5 11.d4 cxd3 12.Bxd3 Qxe2+ 13.Bxe2 h6 14.Ne4 e5 15.Na3 Bf5
16.Ng3 Bg6 17.O-O O-O-O 18.Nc4 Nd5 19.Re1 e6 20.Bf1 f6 21.a4 Be7 22.Bd2 Nf4
23.Bxf4 exf4 24.Ne4 e5 25.b4 Rd5 26.b5 Nb8 27.a5 Nd7 28.g3 fxg3 29.hxg3 Nc5
30.Nxc5 Bxc5 31.a6 b6 32.Ne3 Rd2 33.Bh3+ Kc7 34.c4 Rhd8 35.Rac1 Bf7 36.Rf1 R8d3
37.Bf5 Rb3 38.Rcd1 Rbb2 39.Rxd2 Rxd2 40.Be4 Bd4 41.Nd5+ Kd6 42.Nxf6 Bxc4
43.Bc6 Rb2 44.Ne4+ Ke6 45.Rc1 Bxb5 46.Bxb5 Rxb5 47.Rc7 Rb1+ 48.Kg2 b5 49.Kf3 b4
50.Rc6+ Kd7 51.Rxh6 b3 52.Nd2 Rb2 53.Nc4 Rc2 54.Na3 Rc3+ 55.Ke4 b2 56.Nb1 Rc1
57.Na3 Ra1  0-1

[Event "8th ch-Euro"]
[Site "Dresden GER"]
[Date "2007.04.12"]
[Round "9"]
[White "Peterson,Er"]
[Black "Ris,R"]
[Result "1/2-1/2"]
[WhiteElo "2302"]
[BlackElo "2411"]

1.e4 c5 2.c3 Nf6 3.e5 Nd5 4.Nf3 e6 5.d4 cxd4 6.cxd4 d6 7.Bc4 Nb6 8.Bd3 dxe5
9.dxe5 Na6 10.Bg5 Qc7 11.Nc3 Bc5 12.Rc1 Bd7 13.O-O Bc6 14.Bb5 h6 15.Bh4 Be7
16.Bxe7 Qxe7 17.Bxc6+  1/2-1/2

[Event "8th ch-Euro w"]
[Site "Dresden GER"]
[Date "2007.04.12"]
[Round "9"]
[White "Mamedjarova,T"]
[Black "Lauterbach,I"]
[Result "1-0"]
[WhiteElo "2293"]
[BlackElo "2142"]

1.e4 c5 2.c3 Nf6 3.e5 Nd5 4.d4 cxd4 5.Qxd4 e6 6.Nf3 Nc6 7.Qe4 d6 8.Bb5 Bd7
9.c4 Nb6 10.exd6 Bxd6 11.O-O a6 12.Rd1 Qe7 13.Be3 axb5 14.Bxb6 bxc4 15.Nfd2 Nb4
16.Nxc4 Nd5 17.Rxd5 Bc6 18.Nxd6+ Kf8 19.Bc5 b6 20.Bb4 Bxd5 21.Qd4 Kg8 22.Nf5  1-0

[Event "8th ch-Euro"]
[Site "Dresden GER"]
[Date "2007.04.13"]
[Round "10"]
[White "Godena,M"]
[Black "Wippermann,T"]
[Result "1-0"]
[WhiteElo "2558"]
[BlackElo "2410"]

1.e4 c5 2.c3 Nf6 3.e5 Nd5 4.Nf3 Nc6 5.Bc4 Nb6 6.Bb3 d5 7.exd6 Qxd6 8.Na3 Be6
9.d4 cxd4 10.Nb5 Qd7 11.Nbxd4 Nxd4 12.Nxd4 Bxb3 13.Qxb3 e6 14.O-O Be7 15.Rd1 O-O
16.Be3 Qc8 17.Nb5 Bc5 18.Bxc5 Qxc5 19.Nd6 Qc6 20.Rd4 Rfd8 21.Rad1 Rd7 22.Nc4 Rad8
23.Ne5 Rxd4 24.Rxd4 Qc7 25.Qd1 Rxd4 26.Qxd4 f6 27.Nd3 e5 28.Qe3 Qd7 29.h3 Qd5
30.b3 Nd7 31.c4 Qd6 32.Qe4 a5 33.a3 g6 34.g4 b6 35.b4 axb4 36.axb4 Kg7 37.Kf1 Qe6
38.c5 bxc5 39.Nxc5 Qd6 40.Qb7  1-0

[Event "2nd Open"]
[Site "d'Angers FRA"]
[Date "2007.04.14"]
[Round "4"]
[White "Kozakov,M"]
[Black "Ikonnikov,Vy"]
[Result "1/2-1/2"]
[WhiteElo "2415"]
[BlackElo "2544"]

1.e4 c5 2.c3 Nf6 3.e5 Nd5 4.d4 cxd4 5.Nf3 Nc6 6.Bc4 Nb6 7.Bb3 d5 8.exd6 Qxd6
9.O-O Be6 10.Bxe6 Qxe6 11.Nxd4 Nxd4 12.Qxd4 Rd8 13.Qb4 h5 14.Be3 Qg4 15.Qxg4 hxg4
16.Na3 Rh5 17.Rfd1 Rhd5 18.Rxd5 Rxd5 19.c4 Rd7 20.b3 Nc8 21.Kf1 e5 22.Nb5 a6
23.Nc3 f5 24.g3 Ne7 25.Ke2 Nc6 26.Nd5 Nb4 27.Nxb4 Bxb4 28.h3 gxh3 29.Rh1 Kf7
30.Rxh3 Be7 31.f3 Ke6 32.Rh8 Rd8 33.Rh1 Bf6 34.Rh5 Rd7 35.Bd2 g6 36.Rh1 Rd8
37.Rh7 Rd7 38.Rh1 Rd8 39.Rh7  1/2-1/2

[Event "8th ch-Euro w"]
[Site "Dresden GER"]
[Date "2007.04.14"]
[Round "11"]
[White "Muhren,B"]
[Black "Rudolph,A"]
[Result "1-0"]
[WhiteElo "2311"]
[BlackElo "2202"]

1.e4 c5 2.c3 Nf6 3.e5 Nd5 4.Nf3 e6 5.d4 cxd4 6.cxd4 d6 7.a3 dxe5 8.dxe5 Bd7
9.Bd3 Bc6 10.O-O Nd7 11.Re1 Rc8 12.b4 a6 13.Qb3 N7b6 14.Bg5 Be7 15.Bxe7 Qxe7
16.Nbd2 Ba4 17.Qb2 Rc3 18.Bb1 O-O 19.Ne4 Nc4 20.Qe2 Nf4 21.Qf1 Rxf3 22.Qxc4 Bb5
23.Qc1 Qh4 24.gxf3 g5 25.Nf6+ Kh8 26.Qc2 Bd3 27.Qc5 Kg7 28.Bxd3 Nxd3 29.Qe3 Nf4
30.Kh1 Rd8 31.Rad1 Qh3 32.Nh5+ Qxh5 33.Rxd8  1-0

[Event "8th ch-Euro"]
[Site "Dresden GER"]
[Date "2007.04.14"]
[Round "11"]
[White "Kaplan,S"]
[Black "Zesch,L"]
[Result "1-0"]
[WhiteElo "2429"]
[BlackElo "2287"]

1.e4 c5 2.c3 Nf6 3.e5 Nd5 4.d4 cxd4 5.Nf3 e6 6.cxd4 d6 7.Bc4 Nc6 8.Qe2 Be7
9.O-O O-O 10.Qe4 Bd7 11.Re1 Rc8 12.a3 Na5 13.Ba2 Nc4 14.Nbd2 Nxd2 15.Bxd2 Bc6
16.Qg4 g6 17.Ng5 dxe5 18.dxe5 h5 19.Qg3 Bxg5 20.Bxg5 Qb6 21.Bb3 Qd4 22.Bd1 Kh7
23.Qh3 Rh8 24.Rb1 b6 25.Bf3 Nf4 26.Qg3 Nd5 27.Be4 Ba8 28.Qh3 Rc4 29.Bd3 Rc7
30.Qxh5+ Kg8 31.Qf3 Bb7 32.Re4 Qc5 33.Rc4 Qxc4 34.Bxc4 Rxc4 35.Bf6 Rf4 36.Qg3 Rh5
37.Rd1 Rc4 38.Qb3 Rc8 39.f3 Rh7 40.Qa4 Rh5 41.Qxa7 Ba8 42.Qd7 Rf8 43.Be7 Nxe7
44.Qxe7 Bd5 45.Qc7 b5 46.f4 Kg7 47.Rc1 Rfh8 48.Qe7 Rf5 49.g3 Ra8 50.Rc7 Rb8
51.Rd7 g5 52.g4  1-0

[Event "8th ch-Euro"]
[Site "Dresden GER"]
[Date "2007.04.14"]
[Round "11"]
[White "Ovetchkin,R"]
[Black "Guseinov,El"]
[Result "1-0"]
[WhiteElo "2554"]
[BlackElo "2457"]

1.e4 c5 2.c3 Nf6 3.e5 Nd5 4.g3 d6 5.exd6 Qxd6 6.Bg2 Nc6 7.Ne2 Bg4 8.h3 Bh5
9.g4 Bg6 10.d4 e6 11.O-O Rd8 12.Na3 cxd4 13.Nb5 Qd7 14.Nexd4 Nxd4 15.Nxd4 Bc5
16.Bg5 Ne7 17.Nb3 Bd6 18.Na5 f6 19.Nxb7 fxg5 20.Nxd8 Qxd8 21.Qd4 Qc7 22.Rad1 Nc8  1-0

[Event "8th ch-Euro"]
[Site "Dresden GER"]
[Date "2007.04.14"]
[Round "11"]
[White "Durarbeyli,V"]
[Black "Damljanovic,B"]
[Result "0-1"]
[WhiteElo "2368"]
[BlackElo "2585"]

1.e4 c5 2.c3 Nf6 3.e5 Nd5 4.d4 cxd4 5.Nf3 e6 6.cxd4 d6 7.Bd3 Nb4 8.Bb5+ Bd7
9.Bxd7+ Nxd7 10.O-O dxe5 11.dxe5 Be7 12.Nc3 Nc5 13.Be3 O-O 14.a3 Nc6 15.Bxc5 Bxc5
16.Qc2 Rc8 17.Rad1 Qe7 18.Rd2 h6 19.Rfd1 Rfd8 20.g3 a6 21.Kg2 Ba7 22.Ne4 Rxd2
23.Rxd2 Rd8 24.Rxd8+ Qxd8 25.Nd6 Qd7 26.Qb3 b5 27.Qc3 f6 28.Ne4 Qd5 29.Qc2 f5
30.Nc3 Qxf3+  0-1

[Event "8th ch-Euro"]
[Site "Dresden GER"]
[Date "2007.04.14"]
[Round "11"]
[White "Michalczak,T"]
[Black "Rogozenko,D"]
[Result "1/2-1/2"]
[WhiteElo "2325"]
[BlackElo "2528"]

1.e4 c5 2.c3 Nf6 3.e5 Nd5 4.Nf3 Nc6 5.d4 cxd4 6.cxd4 d6 7.Bc4 Nb6 8.Bb5 Bd7
9.Nc3 dxe5 10.Nxe5 Nxe5 11.dxe5 Bxb5 12.Nxb5 Qxd1+ 13.Kxd1 O-O-O+ 14.Ke2 Rd5
15.a4 Rxe5+ 16.Be3 Nd5 17.Rac1+ Kb8 18.Rhd1 e6 19.Kf3 Rf5+ 20.Ke2 Re5 21.Kf3 Rf5+
22.Ke2 Re5 23.Kf3 Rf5+  1/2-1/2

[Event "FSIMA April"]
[Site "Budapest HUN"]
[Date "2007.04.16"]
[Round "10"]
[White "Khantuev,A"]
[Black "Galyas,M"]
[Result "1/2-1/2"]
[WhiteElo "2333"]
[BlackElo "2444"]

1.e4 c5 2.c3 Nf6 3.e5 Nd5 4.d4 cxd4 5.Nf3 Nc6 6.Bc4 Nb6 7.Bb3 d5 8.exd6 Qxd6
9.O-O Be6 10.Na3 dxc3 11.Qe2 Bxb3 12.Nb5 Qb8 13.axb3 g6 14.Be3 Nc8 15.Ra4 Bg7
16.Bf4 e5 17.Nxe5 Nxe5 18.Bxe5 Bxe5 19.f4 O-O 20.fxe5 Nb6 21.Raf4 c2 22.Nd6 Qc7
23.Rc1 Qc5+ 24.Kh1 Nd7 25.Nxf7  1/2-1/2

[Event "TCh-ITA"]
[Site "Palermo ITA"]
[Date "2007.04.20"]
[Round "2"]
[White "Godena,M"]
[Black "Ramondino,R"]
[Result "1/2-1/2"]
[WhiteElo "2558"]
[BlackElo "2289"]

1.e4 c5 2.c3 Nf6 3.e5 Nd5 4.Nf3 e6 5.Bc4 Nc6 6.O-O d6 7.d4 cxd4 8.cxd4 Be7
9.Qe2 O-O 10.Rd1 Na5 11.b3 Bd7 12.Bxd5 exd5 13.Nc3 Be6 14.Ba3 a6 15.Qd2 Nc6
16.Re1 Re8 17.Re3 b5  1/2-1/2

[Event "TCh-ITA"]
[Site "Palermo ITA"]
[Date "2007.04.22"]
[Round "5"]
[White "Sgnaolin,D"]
[Black "Mogranzini,R"]
[Result "0-1"]
[WhiteElo "2189"]
[BlackElo "2421"]

1.e4 c5 2.c3 Nf6 3.e5 Nd5 4.d4 cxd4 5.Nf3 Nc6 6.cxd4 d6 7.Bc4 Nb6 8.Bb3 dxe5
9.d5 Na5 10.Nc3 Bg4 11.Ba4+ Nxa4 12.Qxa4+ Bd7 13.Qe4 f6 14.O-O Qc7 15.Be3 Nc4
16.Rac1 Nd6 17.Qd3 Qd8 18.Rfd1 g6 19.Nd2 Bg7 20.f4 exf4 21.Bxf4 O-O 22.Re1 Re8
23.Nb3 Rc8 24.Nd4 Qb6 25.Kh1 Qxb2 26.h3 Qb4 27.Ne4 Rxc1 28.Rxc1 Nxe4 29.Qxe4 f5
30.Rb1 Qxd4 31.Qxd4 Bxd4 32.Rxb7 Bc8  0-1

[Event "9th Open"]
[Site "Dubai UAE"]
[Date "2007.04.24"]
[Round "3"]
[White "Handoko,E"]
[Black "Mahmoody,M"]
[Result "1-0"]
[WhiteElo "2441"]
[BlackElo "2183"]

1.e4 c5 2.c3 Nf6 3.e5 Nd5 4.Nf3 g6 5.d4 cxd4 6.Qxd4 e6 7.c4 Nc6 8.Qe4 Nde7
9.Nc3 Bg7 10.Be2 Qa5 11.Bd2 O-O 12.Nb5 Qd8 13.O-O b6 14.Rad1 h6 15.Bc3 Nf5
16.Nd6 Nxd6 17.Rxd6 Qc7 18.Rfd1 Rd8 19.h4 Bb7 20.Qd3 Nb8 21.h5 g5 22.Nh2 Bc6
23.Ng4 a5 24.Rxe6 fxe6 25.Qg6 d5 26.exd6 Qb7 27.Nxh6+ Kf8 28.Qxe6 Bd5 29.Rxd5 Bxh6
30.Qxh6+ Ke8 31.Qe6+  1-0